000 00517nam a2200193Ia 4500
003 OSt
005 20250121085844.0
008 210716s1995 xx 000 0 und d
020 _a0553572210
040 _cAIMIT LIBRARY
041 _aeng
082 _a808.83
_21
_bPALM
100 _aPalmer, Michael.
_9194229
245 _aSilent treatment /
_cBy Michael Palmer.
250 _a1st ed.
260 _aNew York :
_bBantam books ;
_c1995.
300 _a447p. ;
_bPB
_c17 cm.
942 _2ddc
_cBK
_e1st ed.
_k808.83 PALM
999 _c200071
_d200071